| 000 | 00408nam a2200169Ia 4500 | ||
|---|---|---|---|
| 999 |
_c9799 _d9799 |
||
| 003 | OSt | ||
| 005 | 20220302192137.0 | ||
| 008 | 220112s9999||||xx |||||||||||||| ||und|| | ||
| 020 | _a9780471363835 | ||
| 082 |
_a624.18341 _bMCC |
||
| 100 | _a McCormac, Jack C | ||
| 245 | 0 | _aDesign of reinforced concrete | |
| 260 | _bWiley | ||
| 700 | _aNelson, James K., 1952- | ||
| 700 | _aBrown, Russell H. | ||
| 942 | _2ddc | ||